Central Library OPAC University of Rajshahi

আসহাবে রাসূলের জীবনকথা / (Record no. 57070)

MARC details
000 -LEADER
fixed length control field 00952nam a2200253 a 4500
001 - CONTROL NUMBER
control field 57070
003 - CONTROL NUMBER IDENTIFIER
rucl marc code BD-RjUL
005 - DATE AND TIME OF LATEST TRANSACTION
control field 20211209080450.0
008 - FIXED-LENGTH DATA ELEMENTS--GENERAL INFORMATION
fixed length control field 161205s1996 bg ||||| |||| 00| 0 ben d
020 ## - INTERNATIONAL STANDARD BOOK NUMBER
Terms of availability : TK 110.00
035 ## - SYSTEM CONTROL NUMBER
System control number (BD-RjUL)57194
040 ## - CATALOGING SOURCE
Original cataloging agency BD-RjUL
Language of cataloging ben
Transcribing agency BD-RjUL
041 ## - LANGUAGE CODE
Language code of text/sound track or separate title ben
082 ## - DEWEY DECIMAL CLASSIFICATION NUMBER
Edition number 23
Classification number 297.61
Author mark and year MAA 1996
100 ## - MAIN ENTRY--PERSONAL NAME
Personal name মা'বুদ, মুহাম্মদ আবদুল
9 (RLIN) 169547
245 10 - TITLE STATEMENT
Title আসহাবে রাসূলের জীবনকথা /
Statement of responsibility, etc. মুহাম্মদ আবদুল মা'বুদ
250 ## - EDITION STATEMENT
Edition statement ৩য় সং.
260 ## - PUBLICATION, DISTRIBUTION, ETC. (IMPRINT)
Place of publication, distribution, etc. ঢাকা :
Name of publisher, distributor, etc. বাংলাদেশ ইসলামিক ফাউন্ডেশন,
Date of publication, distribution, etc. ১৯৯৪-১৯৯৬
300 ## - PHYSICAL DESCRIPTION
Pagination খণ্ড. ;
Size ২৩ সেমি.
505 0# - FORMATTED CONTENTS NOTE
Formatted contents note খণ্ড ২, ৩ --
650 ## - SUBJECT ADDED ENTRY--TOPICAL TERM
Topical term or geographic name as entry element ইসলামী নেতা
9 (RLIN) 169548
Topical term or geographic name as entry element Islamic leader
9 (RLIN) 169549
942 ## - ADDED ENTRY ELEMENTS (KOHA)
Source of classification or shelving scheme Dewey Decimal Classification
Koha item type Books
Holdings
Lost status Source of classification or shelving scheme Damaged status Not for loan Collection code Permanent Location Current Location Shelving location Date acquired Total Checkouts Full call number Date last seen Copy number Koha item type Source of acquisition
  Dewey Decimal Classification   Not For Loan Non-fiction Central Library, University of Rajshahi Central Library, University of Rajshahi Reading Room 07/05/1997   B 297.61 MAA V-2 1996 05/12/2016 C-1 Books  
  Dewey Decimal Classification   Not For Loan Non-fiction Central Library, University of Rajshahi Central Library, University of Rajshahi Reading Room 05/08/1997   B 297.61 MAA V-3 1994 06/12/2016 C-1 Books Dhaka, Islamic Foundation